Encyclopedia of Nuclear Magnetic Resonance. Vol.9 : Advances in NMR /

Salvato in:
Dettagli Bibliografici
Altri autori: Grant, D.M (Compilatore), Harris, Robin K (Compilatore)
Natura: Libro
Lingua:inglese
Pubblicazione: Chichester : John Wiley & Sons, 2002
Tags: Aggiungi Tag
Nessun Tag, puoi essere il primo ad aggiungerne!!

MARC

LEADER 00000nam a22000003a 4500
001 stu77971
005 20190206124419.3
008 021114s2002----uk------------------eng-d
020 |a 0-471-49082-2 
040 |a STU  |b slo 
041 0 |a eng 
044 |a uk 
080 |a 543.422.25(03) 
100 1 |a Grant, D.M  |4 com 
245 1 |a Encyclopedia of Nuclear Magnetic Resonance. Vol.9 :  |b Advances in NMR /  |c Editors-in-Chief Grant,D.M., Harris,R.K 
260 |a Chichester :  |b John Wiley & Sons,  |c 2002 
300 |a 861 s. Obr.,tab.,grafy,lit.,index 
700 1 |a Harris, Robin K  |4 com 
996 |b C96903  |c C*96903  |l CCXXV  |s P  |a 0  |w stu77971_0001